000 00447nam a2200157 i 4500
001 27626
003 ES-MaACL
005 20230906153651.0
007 t|
008 030115s1970 sp ||||1| spa d
100 1 _aArazuri, José Joaquín.
_922375
245 1 0 _aPamplona estrena siglo /
_cJosé Joaquín Arazuri.
260 _aPamplona :
_bE.L.S.A.,
_c[1970]
300 _aXIX, 131 p., 40 lám. ;
_c17 cm.
852 _aES-MaACL
_jC-47174
_bR.75558
999 _c27626
_d27626